000 00290nam a22001337a 4500
008 181023b xxu||||| |||| 00| 0 eng d
020 _a9780073221014
041 _aeng
080 _a330
100 _a58
101 _aBIZ
245 _aBusiness Driven Technology
_cHaag
942 _2udc
_cBK
999 _c50618
_d50618